000 00866nam a2200217 i 4500
001 162170
003 ES-MaACL
005 20250801092654.0
008 041102m18981901fr |||| | fre d
040 _aCAM
_bspa
_cCAM
080 _a398(48)
100 1 _aPineau, Léon.
_992093
245 1 4 _aLes vieux chants populaires scandinaves (gamle nordiske folkeviser)
_b: étude de littérature comparée /
_cpar León Pineau.
260 _aParis :
_bLibraire Émile Bouillon, éditeur,
_c1898-1901 (
_fImp. Durand)
300 _a2 v. (XIV, 336; 584 p.) ;
_c25 cm.
505 8 _aContiene: I ;
_tÉpoque sauvage: Les chants de Magie - II ;
_tÉpoque barbare: La légende divine et héroique
650 7 _aLiteratura escandinava
_2embne
_9136423
650 4 _aFolklore-
_zEscandinavia.
_9159978
852 _aES-MaACL
_jF-940-41
_z- Enc. hol.
999 _c162170
_d162170